000 00341nam a22001457a 4500
008 221014b ||||| |||| 00| 0 eng d
020 _a9780815175865
041 _aeng
080 _2FIFTH EDITION
_a61
082 _a61 MAT
100 _a5
101 _aMJEK
245 _aCLINICAL APPLICATION OF BLOOD GASES
_cMATHEWS P
942 _2udc
_cBK
999 _c58567
_d58567